| 000 | nam a22 a 4500 | ||
|---|---|---|---|
| 999 |
_c867 _d867 |
||
| 005 | 20170505152425.0 | ||
| 008 | 170505s1989 my ||||| |||| 00| 0 may d | ||
| 020 |
_a983610057 _cRgt 22.50 |
||
| 040 | _aAKMAL | ||
| 082 | _a297.12259928 API | ||
| 090 |
_a297.12259928 _bAPI |
||
| 100 |
_aAbdullah, Afif _91856 |
||
| 245 |
_aNabi-nabi dalam Al-Quran / _cAfif Abdullah |
||
| 260 |
_aKlang _bKlang Book Centre _c1989 |
||
| 300 |
_axvi, 767ms. _c22cm |
||
| 500 | _aMengandungi ayat-ayat dari Koran | ||
| 500 | _aMengandungi indeks | ||
| 650 |
_aProphets in the Qur'an _9757 |
||
| 650 |
_aProphets, Pre-Islamic _91770 |
||
| 942 |
_2ddc _cBOOK |
||